000 01514cam a22003977a 4500
003 CHAP
005 20220817043108.0
008 971010s1988 r 00010 d
010 _a65498
011 _a66470
035 _a74641
040 _cCHAP
090 _aFolleto 12042y (1988)
100 0 0 _aPerrin, Richard K.
_987264
245 1 0 _aFormulación de recomendaciones a partir de datos agronómicos
_b: un manual metodológico de evaluación económica
260 _aMéxico, D. F. :
_bCentro Internacional de Mejoramiento de Maíz y Trigo. Programa de Economía,
_c1988
300 _a79 p.
590 _aBATCH-UPD
_b10
_c20130110
_lUCH01
_h0111
590 _aBATCH-UPD
_b10
_c20130110
_lUCH01
_h1652
590 _aBATCH-UPD
_b10
_c20130410
_lUCH01
_h1041
590 _aBATCH-UPD
_b10
_c20130914
_lUCH01
_h0332
590 _aBATCH-UPD
_b10
_c20130914
_lUCH01
_h1935
590 _aCONVERSION
_b10
_c20130109
_lUCH01
_h1336
650 1 4 _aAgricultura
_xAspectos económicos.
650 1 4 _aAgricultura
_xExperimentación.
_91476
650 1 4 _aPolítica agrícola.
_990283
700 0 _aHarrington, Larry.
_952839
700 0 _aMoscardi C., Edgardo Rubén.
_978994
700 0 _aTripp, Robert.
_9115176
700 0 _aWinkelmann, Donald L.
_9122276
901 _aBK
942 _cFOLL
949 _aFolleto 12042y (1988)
_bBC
_cFOLL
_d-125989
_eTS1
_i74641
_mD
_si
949 _aFolleto 12042y (1988)
_bBC
_cFOLL
_d-125990
_eTS2
_fc.2
_i74641
_mD
_si
949 _aFolleto 12042y (1988)
_bBC
_cFOLL
_d-125991
_eTS2
_fc.3
_i74641
_mD
_si
999 _c65498
_d65498